| 000 | 00839nam0a22002411 4500 | ||
|---|---|---|---|
| 001 | v19\rc\1886199 | ||
| 005 | 20250619170925.0 | ||
| 035 | _a(NLR Aleph) 004974715 | ||
| 090 |
_a6121942 _c6121942 |
||
| 100 | _a20080221d1910 |||y0rusy50 ca | ||
| 101 | 0 | _arus | |
| 102 | _aRU | ||
| 105 | _ay z ||||| | ||
| 200 | 1 |
_aОбязательные постановления и таксы по убою скота и торговле скотом и мясными продуктами в городе Сумах _fСост. Сум. гор. думой 14 янв. 1910 г. ... |
|
| 210 |
_aСумы _d1910 |
||
| 215 |
_a16 с. _d17 |
||
| 710 | 0 | 2 | _aСумская городская дума |
| 801 | 0 |
_aRU _bNLR _gpsbo |
|
| 801 | 0 |
_aRU _bRuMoRGB _2psbo |
|
| 801 | 1 |
_aRU _bProSoft-M _2rusmarc |
|
| 852 |
_aNLR _j20.105.8.78 |
||
| 942 | _cBOOK | ||
| 980 | _aNB | ||